000 00862 a2200253 4500
001 20941
005 20260407155501.0
008 260407a2008 arg spa d
003 AR-UNSa-BCEJYS
040 _aAR-UNSa-BCEJYS
_bspa
_cAR-UNSa-BCEJYS
080 _a347.736
_xQuiebra. Insolvencia. Suspensión de pagos. Bancarrota, procedimientos. Derecho Concursal
245 1 0 _aRégimen de concursos y quiebras
_pLey 24.522
020 _a978-950-508-665-8
250 _a15a. ed. act. y ampl.
264 1 _aBuenos Aires :
_bAstrea
_c2008
300 _a525 p.
_c20 cm.
942 _cBK
590 _aniveau_biblio:m niveau_hierar:0
100 1 _aArgentina [Leyes, etc.]
700 1 _aRouillon, Adolfo A.N.
650 _aLey 24.522
856 4 1 _uhttps://biblioeco.unsa.edu.ar/pmb/images/libros/L117031.jpg
_yImagen de portada
_qimage/jpeg
650 _a ley 24 522
999 _c757
_d757